| 000 | 02103nam a2200409 a 4500 | ||
|---|---|---|---|
| 001 | ebr10476819 | ||
| 003 | CaPaEBR | ||
| 006 | m u | ||
| 007 | cr cn||||||||| | ||
| 008 | 100318s2010 nyu sb 001 0 eng d | ||
| 010 | _z 2010009328 | ||
| 020 | _z9780875867472 (trade paper : alk. paper) | ||
| 020 | _z0875867472 (trade paper : alk. paper) | ||
| 020 | _z9780875867489 (case laminate : alk. paper) | ||
| 020 | _z0875867480 (case laminate : alk. paper) | ||
| 020 | _z0875867499 (ebook) | ||
| 020 | _z9780875867496 (e-book) | ||
| 040 |
_aCaPaEBR _cCaPaEBR |
||
| 035 | _a(OCoLC)693780694 | ||
| 043 | _ae-ur--- | ||
| 050 | 1 | 4 |
_aHC336.26 _b.N45 2010eb |
| 082 | 0 | 4 |
_a330.947/084 _222 |
| 100 | 1 |
_aNell, Guinevere Liberty, _d1976- |
|
| 245 | 1 | 0 |
_aRediscovering fire _h[electronic resource] : _bbasic economic lessons from the Soviet experiment / _cGuinevere Liberty Nell. |
| 260 |
_aNew York : _bAlgora Pub., _cc2010. |
||
| 300 | _axvi, 322 p. | ||
| 504 | _aIncludes bibliographical references and index. | ||
| 505 | 0 | _aThe real benefits of competition -- The dynamics of unemployment and efficiency -- The holistic target : the value of profit and loss for the firm -- The rat race : the value of profit and loss for the economy -- Middlemen, trade, and the market system -- The high price of price control -- The root of all prosperity : money and the danger of centralized monetary policy -- Regulation and the institutions of a dynamic economy -- Democracy and freedom -- Corporate capitalism or the free market. | |
| 533 |
_aElectronic reproduction. _bPalo Alto, Calif. : _cebrary, _d2013. _nAvailable via World Wide Web. _nAccess may be limited to ebrary affiliated libraries. |
||
| 650 | 0 |
_aMixed economy _zSoviet Union. |
|
| 650 | 0 |
_aCentral planning _zSoviet Union. |
|
| 651 | 0 |
_aSoviet Union _xEconomic conditions. |
|
| 651 | 0 |
_aSoviet Union _xEconomic policy. |
|
| 655 | 7 |
_aElectronic books. _2local |
|
| 710 | 2 | _aebrary, Inc. | |
| 856 | 4 | 0 |
_uhttp://site.ebrary.com/lib/rucke/Doc?id=10476819 _zAn electronic book accessible through the World Wide Web; click to view |
| 999 |
_c116627 _d116627 |
||